[Event "Let's Play Chess!"]
[Site "http://www.queenalice.com/game.php?id=1545765"]
[Date "2018.10.13"]
[Round "-"]
[White "aknight2"]
[Black "zubarev"]
[Result "0-1"]
[WhiteElo "1100"]
[BlackElo "1684"]

1. e4 e5 2. Nf3 Nc6 3. c3 d6 4. Bc4 Be7 5. h4 Nf6 6. g4 Bxg4 7. Be2 O-O 8. d4
Nxe4 9. Bg5 f6 10. Rg1 fxg5 11. Rxg4 Nf6 12. hxg5 Nd5 13. Bc4 Kh8 14. Bxd5 Qd7
15. g6 h6 16. Nbd2 Qxg4 17. Ne4 Qxf3 18. Qxf3 Nd8 19. dxe5 Rxf3 20. O-O-O c6 21.
Bc4 d5 22. Be2 dxe4 23. Rd7 Bg5+ 24. Rd2 Bxd2+ 25. Kxd2 Rxf2 26. b4 Ne6 27. Ke3
Rh2 28. Bg4 Ng5 29. a4 Rh4 30. Bd7 Rd8 0-1

[Event "Let's Play Chess!"]
[Site "http://www.queenalice.com/game.php?id=1545766"]
[Date "2018.10.13"]
[Round "-"]
[White "aknight2"]
[Black "zubarev"]
[Result "0-1"]
[WhiteElo "1100"]
[BlackElo "1683"]

1. e4 e5 2. Nf3 Nc6 3. c3 d6 4. Bc4 Be7 5. O-O Nf6 6. d3 O-O 7. Nbd2 Be6 8. b3
Na5 9. Bxe6 fxe6 10. Ba3 Nc6 11. Bb4 d5 12. Ng5 Qc8 13. Bxe7 Nxe7 14. Ndf3 dxe4
15. Nxe4 Nxe4 16. dxe4 Qd8 17. Nd2 Qd3 18. Re1 Rad8 19. Re3 Qxd2 20. Qxd2 Rxd2
21. Rae1 Rxa2 22. g3 Rfxf2 23. Rf1 Rg2+ 24. Kh1 Rxh2+ 0-1

[Event "Let's Play Chess!"]
[Site "http://www.queenalice.com/game.php?id=1545834"]
[Date "2018.10.14"]
[Round "-"]
[White "Bigchess"]
[Black "aknight2"]
[Result "1-0"]
[WhiteElo "1800"]
[BlackElo "1100"]

1. d4 d5 2. Nf3 e6 3. e3 Nf6 4. c4 g6 5. Nc3 Bb4 6. Bd2 a6 7. c5 c6 8. Ne5 a5 9.
Bd3 b6 10. a3 Bxc3 11. Bxc3 b5 12. b4 a4 13. Qf3 Nbd7 14. Nxc6 Qc7 15. Ne5 Nxe5
16. dxe5 O-O 17. exf6 Ba6 18. Qh3 e5 19. Qh6 Kh8 20. Qg7# 1-0

[Event "AUTO-OPEN-3984"]
[Site "http://www.queenalice.com/game.php?id=1546018"]
[Date "2018.10.15"]
[Round "1"]
[White "aknight2"]
[Black "Bira47"]
[Result "0-1"]
[WhiteElo "1100"]
[BlackElo "1885"]

1. e4 c5 2. Nf3 e6 3. c3 a6 4. Bc4 b5 5. Be2 Bb7 6. d4 cxd4 7. Qxd4 Nc6 8. Bg5
Nxd4 9. Bxd8 Nxf3+ 10. Bxf3 Rxd8 11. O-O Bc5 12. Nd2 Ne7 13. g3 d5 14. exd5 Bxd5
15. Bxd5 Rxd5 16. b4 Ba7 17. Ne4 O-O 18. Rad1 Rfd8 19. Rxd5 Rxd5 20. a3 h6 21.
Kg2 f5 22. Nf6+ gxf6 23. f4 Rd2+ 24. Rf2 Rxf2+ 25. Kh3 e5 26. g4 fxg4+ 27. Kxg4
Rxf4+ 28. Kg3 Nf5+ 0-1

[Event "AUTO-OPEN-3984"]
[Site "http://www.queenalice.com/game.php?id=1546019"]
[Date "2018.10.15"]
[Round "1"]
[White "Bira47"]
[Black "aknight2"]
[Result "1-0"]
[WhiteElo "1883"]
[BlackElo "1100"]

1. c4 b6 2. g3 g6 3. Bg2 Bg7 4. Nc3 c6 5. e3 Bb7 6. Rb1 Na6 7. a3 Nf6 8. Nb5
cxb5 9. cxb5 Nc5 10. Bxb7 Nxb7 11. Qf3 O-O 12. Qxb7 e5 13. Nf3 Ng4 14. h3 Nf6
15. O-O h6 16. b4 d5 17. Bb2 Re8 18. Nxe5 Re7 19. Qa6 Ne4 20. Nc6 Qc8 21. Nxe7+
Kh7 22. Nxc8 Nxd2 23. Bxg7 Nxf1 24. Kxf1 1-0

[Event "AUTO-OPEN-3984"]
[Site "http://www.queenalice.com/game.php?id=1546020"]
[Date "2018.10.15"]
[Round "1"]
[White "aknight2"]
[Black "Spiritus"]
[Result "0-1"]
[WhiteElo "1100"]
[BlackElo "2375"]

1. d4 Nf6 2. Nf3 g6 3. Bg5 Bg7 4. e3 O-O 5. Bd3 c5 6. dxc5 Qa5+ 7. Nc3 Qxc5 8.
O-O d5 9. Ne5 Ne4 10. f4 Nxg5 11. a3 Bxe5 12. Qe2 Bxc3 13. bxc3 Ne4 14. Bxe4
dxe4 15. c4 Be6 16. Rab1 Bxc4 17. Qd2 Bxf1 18. Rxf1 Nc6 19. c3 Rfd8 20. Qf2 Rd3
21. f5 Qxe3 22. Qxe3 Rxe3 23. fxg6 hxg6 24. h3 f5 0-1

[Event "AUTO-OPEN-3984"]
[Site "http://www.queenalice.com/game.php?id=1546021"]
[Date "2018.10.15"]
[Round "1"]
[White "Spiritus"]
[Black "aknight2"]
[Result "1-0"]
[WhiteElo "2369"]
[BlackElo "1100"]

1. e4 e6 2. d4 d5 3. Nc3 Bb4 4. e5 c5 5. a3 Ba5 6. b4 cxb4 7. Nb5 Bc7 8. Qg4 g6
9. Bd3 Nc6 10. Nf3 Nh6 11. Bxh6 a6 12. Nxc7+ Qxc7 13. O-O f5 14. exf6 Kf7 15.
Bg7 Re8 16. Ng5+ Kg8 17. Bxg6 Rf8 18. Bxh7# 1-0

[Event "Let's Play Chess!"]
[Site "http://www.queenalice.com/game.php?id=1546659"]
[Date "2018.10.24"]
[Round "-"]
[White "aknight2"]
[Black "Rasumichin"]
[Result "0-1"]
[WhiteElo "1100"]
[BlackElo "1690"]

1. e4 e5 2. Nc3 Nf6 3. Nf3 Nc6 4. d4 exd4 5. Nd5 Nxd5 6. Bd2 Ndb4 7. Bg5 Be7 8.
g4 Bxg5 9. Bc4 Qf6 10. Nxg5 Qxg5 11. h3 Ne5 12. Bb3 c5 13. Qd2 Nf3+ 14. Ke2
Qxd2+ 15. Kf1 d6 16. Kg2 Qf4 17. Rae1 d3 18. c3 Nxe1+ 19. Rxe1 d2 20. Rd1 Qxe4+
21. f3 Qe2+ 22. Kg3 Nc6 23. Rxd2 Qxd2 24. a4 Be6 25. Bxe6 fxe6 0-1

[Event "Let's Play Chess!"]
[Site "http://www.queenalice.com/game.php?id=1546660"]
[Date "2018.10.23"]
[Round "-"]
[White "ketchuplover"]
[Black "aknight2"]
[Result "1-0"]
[WhiteElo "1884"]
[BlackElo "1100"]

1. Nf3 c5 2. g3 Nf6 3. Bg2 Nc6 4. d4 Nxd4 5. Nxd4 cxd4 6. Qxd4 d5 7. Bg5 Qd6 8.
Bxf6 gxf6 9. Nc3 e5 10. Qxd5 Be6 11. Qxb7 Be7 12. Qxa8+ Bd8 13. Rd1 Qc7 14. Bc6+
Bd7 15. Rxd7 Kf8 16. Rxc7 Kg7 17. Qc8 Bxc7 18. Qxc7 Rf8 19. Ne4 a6 20. Qe7 h5
21. Qxf6+ Kg8 22. Ng5 1-0

[Event "Let's Play Chess!"]
[Site "http://www.queenalice.com/game.php?id=1547144"]
[Date "2018.10.26"]
[Round "-"]
[White "aknight2"]
[Black "Bigchess"]
[Result "0-1"]
[WhiteElo "1100"]
[BlackElo "1816"]

1. e3 e5 2. Nc3 Nf6 3. Nce2 d5 4. Nf3 e4 5. Nfd4 c5 6. Nb5 Be7 7. d4 c4 8. c3 a6
9. Na3 Bxa3 10. bxa3 Nc6 11. Qa4 O-O 12. h3 b5 13. Qc2 Bf5 14. Bb2 h6 15. O-O-O
Re8 16. f3 exf3 17. gxf3 Bxc2 18. Kxc2 Rxe3 19. Bg2 Rxe2+ 20. Rd2 Re3 21. h4 Nh5
22. Rh3 Qe8 23. a4 Re2 24. Bf1 Rxd2+ 25. Kxd2 Nf4 26. Rg3 Qe7 27. a5 Nxa5 28.
Be2 Qxe2+ 29. Kc1 Nd3+ 0-1

[Event "Let's Play Chess!"]
[Site "http://www.queenalice.com/game.php?id=1547979"]
[Date "2018.11.2"]
[Round "-"]
[White "charles31"]
[Black "aknight2"]
[Result "0-1"]
[WhiteElo "1610"]
[BlackElo "1100"]

1. e4 c5 2. Nc3 d6 3. d4 Qb6 4. d5 Nf6 5. h3 g6 6. h4 h5 7. f3 Bh6 8. Bxh6 Rxh6
9. Qc1 e5 10. Nh3 Bxh3 11. Rxh3 Nbd7 12. Bb5 Rd8 13. Qxh6 Ke7 14. f4 Ng8 15. Qg7
a6 16. fxe5 dxe5 17. Bxd7 Rxd7 18. Qxg8 Qf6 19. O-O-O Rd8 20. d6+ Rxd6 21. Nd5+
Rxd5 22. exd5 Qf2 23. Qc8 Qf4+ 24. Kb1 Qf2 25. Qxb7+ Kf6 0-1

[Event "Let's Play Chess!"]
[Site "http://www.queenalice.com/game.php?id=1547980"]
[Date "2018.11.2"]
[Round "-"]
[White "aknight2"]
[Black "charles31"]
[Result "1-0"]
[WhiteElo "1100"]
[BlackElo "1610"]

1. e4 e5 2. Nc3 Nf6 3. Bc4 Bc5 4. d3 a6 5. a3 c6 6. b4 Ba7 7. Nf3 Ng4 8. h3 Nf6
9. Ng5 h6 10. Nxf7 Qe7 11. Nxh8 d6 12. Bf7+ Kd8 13. Bg6 Be6 14. Bb2 Nbd7 15. Qe2
Kc7 16. Na4 b5 17. Nc3 Rxh8 18. O-O Nf8 19. Bf5 Bxf5 20. exf5 g6 21. g4 gxf5 22.
gxf5 N8h7 23. a4 Ng5 24. axb5 Qg7 25. d4 1-0

[Event "Let's Play Chess!"]
[Site "http://www.queenalice.com/game.php?id=1548342"]
[Date "2018.11.7"]
[Round "-"]
[White "TheClash"]
[Black "aknight2"]
[Result "0-1"]
[WhiteElo "959"]
[BlackElo "1157"]

1. e4 c5 2. Nf3 d6 3. Bb5+ Bd7 4. Bxd7+ Nxd7 5. c4 f6 6. d4 e5 7. dxc5 Nxc5 8.
Nc3 Ne7 9. O-O g6 10. Be3 b6 11. Qd2 a6 12. Rad1 Bg7 13. Qxd6 Qxd6 14. Rxd6 O-O
15. Rxb6 Nd3 16. Rd1 Nxf2 17. Bxf2 g5 18. Bc5 Rac8 0-1

[Event "Let's Play Chess!"]
[Site "http://www.queenalice.com/game.php?id=1548344"]
[Date "2018.11.7"]
[Round "-"]
[White "TheClash"]
[Black "aknight2"]
[Result "0-1"]
[WhiteElo "989"]
[BlackElo "1143"]

1. e4 e6 2. d4 Bb4+ 3. c3 Bd6 4. e5 Be7 5. Qg4 g6 6. h4 h5 7. Qf4 f5 8. exf6 Bd6
9. f7+ Ke7 10. fxg8=N+ Rxg8 11. Qg5+ Kf7 12. Qxd8 Rxd8 13. Bg5 Be7 14. Bxe7 Kxe7
15. Bd3 d5 16. Bxg6 Rg8 17. Bxh5 Nd7 18. Bf3 c6 0-1

[Event "Let's Play Chess!"]
[Site "http://www.queenalice.com/game.php?id=1548909"]
[Date "2018.11.12"]
[Round "-"]
[White "aknight2"]
[Black "sph44"]
[Result "0-1"]
[WhiteElo "1164"]
[BlackElo "1465"]

1. b4 d5 2. Bb2 f6 3. a3 e5 4. e3 Bd6 5. d4 e4 6. Nc3 Be6 7. g3 c6 8. f3 f5 9.
f4 a6 10. Nge2 Nf6 11. Bg2 O-O 12. Qd2 Nbd7 13. O-O-O Ng4 14. Rdf1 g6 15. h3
Ngf6 16. g4 b5 17. g5 Nh5 18. Rh2 Nb6 19. a4 Nc4 20. Qe1 Nxe3 21. Nd1 Nxf1 22.
Bxf1 bxa4 0-1